| 000 | 00535nam a22001817a 4500 | ||
|---|---|---|---|
| 999 |
_c61650 _d61650 |
||
| 005 | 20240408164525.0 | ||
| 008 | 240408s1992 enk||||| |||| 00| 0 eng d | ||
| 020 | _a0915099306x | ||
| 041 | _aeng | ||
| 080 | _a614.2(031) N-28 | ||
| 245 | _aNatural Health Secrets Encyclopedia. | ||
| 264 |
_aPeachtree city : _b FC & A Publishing, _c1992. |
||
| 300 |
_a333 p.; _b20 cm. |
||
| 650 |
_y _921748 |
||
| 653 | _aმედიცინა | ||
| 653 | _aბუნებრივი დაბერება | ||
| 942 |
_2udc _cᲬᲘᲒᲜᲘ |
||